000 00535cam a2200205ua 4500
001 111
008 110318n ii |||gr||||Z||||||eng
020 _a978-0-07-040306--2
040 _cMAIN
082 _a005.4
245 _aPC software for windows 98 made simple.
_cBy R K Taxali.
250 _a1st.
260 _aNew Delhi.:
_bMcgraw hill.,
_c2007.
300 _axx, 773 p.:
_bill.;
_c22 cm.
653 _aComputer science.
653 _asoftware.
653 _aFor windows 98 made simple.
700 1 _aTaxali, R K.,
942 _cBK
999 _c101
_d101